Accountancy (class XII/ V. I)/ (Record no. 12202)
[ view plain ]
| 000 -LEADER | |
|---|---|
| fixed length control field | 00573nam a22001937a 4500 |
| 005 - DATE AND TIME OF LATEST TRANSACTION | |
| control field | 20250827115345.0 |
| 008 - FIXED-LENGTH DATA ELEMENTS--GENERAL INFORMATION | |
| fixed length control field | 250827b |||||||| |||| 00| 0 eng d |
| 020 ## - INTERNATIONAL STANDARD BOOK NUMBER | |
| International Standard Book Number | 9789389987935 |
| 040 ## - CATALOGING SOURCE | |
| Original cataloging agency | IN-DiNC |
| Transcribing agency | IN-DiNC |
| 041 ## - LANGUAGE CODE | |
| Language code of sung or spoken text | English |
| 082 ## - DEWEY DECIMAL CLASSIFICATION NUMBER | |
| Classification number | 657 |
| Item number | JUN |
| 100 ## - MAIN ENTRY--PERSONAL NAME | |
| Personal name | Juneja, C. Mohan |
| Relator term | Author |
| 245 ## - TITLE STATEMENT | |
| Title | Accountancy (class XII/ V. I)/ |
| Statement of responsibility, etc. | By C. Mohan Juneja and Manav Aggarwal |
| 250 ## - EDITION STATEMENT | |
| Edition statement | 13th rev. & enl. ed. |
| 260 ## - PUBLICATION, DISTRIBUTION, ETC. | |
| Place of publication, distribution, etc. | Ludhiana: |
| Name of publisher, distributor, etc. | Kalyani, |
| Date of publication, distribution, etc. | 2025. |
| 650 ## - SUBJECT ADDED ENTRY--TOPICAL TERM | |
| Topical term or geographic name entry element | Accountancy for class twelve (XII/ V. I) |
| 700 ## - ADDED ENTRY--PERSONAL NAME | |
| Personal name | Aggarwal, Manav |
| Relator term | Author |
| 942 ## - ADDED ENTRY ELEMENTS (KOHA) | |
| Source of classification or shelving scheme | Dewey Decimal Classification |
| Koha item type | Books |
| Withdrawn status | Lost status | Source of classification or shelving scheme | Damaged status | Not for loan | Collection code | Home library | Current library | Shelving location | Date acquired | Cost, normal purchase price | Total Checkouts | Full call number | Barcode | Date last seen | Copy number | Price effective from | Koha item type | Date last checked out |
|---|---|---|---|---|---|---|---|---|---|---|---|---|---|---|---|---|---|---|
| Dewey Decimal Classification | Commerce | Central Library, Naharkatiya College | Central Library, Naharkatiya College | General Stacks | 27/08/2025 | 825.00 | 657 JUN | 30825 | 27/08/2025 | 1 | 27/08/2025 | Books | ||||||
| Dewey Decimal Classification | Commerce | Central Library, Naharkatiya College | Central Library, Naharkatiya College | General Stacks | 27/08/2025 | 825.00 | 657 JUN | 30826 | 27/08/2025 | 2 | 27/08/2025 | Books | ||||||
| Dewey Decimal Classification | Commerce | Central Library, Naharkatiya College | Central Library, Naharkatiya College | General Stacks | 27/08/2025 | 825.00 | 657 JUN | 30827 | 27/08/2025 | 3 | 27/08/2025 | Books | ||||||
| Dewey Decimal Classification | Commerce | Central Library, Naharkatiya College | Central Library, Naharkatiya College | General Stacks | 27/08/2025 | 825.00 | 1 | 657 JUN | 30823 | 25/09/2025 | 4 | 27/08/2025 | Books | 10/09/2025 | ||||
| Dewey Decimal Classification | Commerce | Central Library, Naharkatiya College | Central Library, Naharkatiya College | General Stacks | 27/08/2025 | 825.00 | 2 | 657 JUN | 30824 | 22/12/2025 | 5 | 27/08/2025 | Books | 25/10/2025 |
